[Event "36th ECC Open 2021"]
[Site "Struga MKD"]
[Date "2021.09.24"]
[Round "7.5"]
[Board "6"]
[White "Stankovic, Milos"]
[Black "Huzman, Alexander"]
[Result "1/2-1/2"]
[WhiteTitle "IM"]
[BlackTitle "GM"]
[WhiteElo "2409"]
[BlackElo "2547"]
[WhiteTeam "Sloven Ruma"]
[BlackTeam "BEER SHEVA"]
[WhiteFideId "938190"]
[BlackFideId "2803828"]
[EventDate "2021.09.18"]
[EventType "team"]

1. e4 e5 2. Nf3 Nf6 3. Nxe5 d6 4. Nf3 Nxe4 5. Qe2 Qe7 6. d3 Nf6 7. Bg5 Nbd7 8.
Nc3 h6 9. Bh4 Qxe2+ 10. Bxe2 g5 11. Bg3 Nh5 12. Nd5 Kd8 13. Nd2 Nxg3 14. hxg3
Bg7 15. O-O-O Nf6 16. Ne3 Be6 17. g4 Kd7 18. Bf3 c6 19. Nb3 h5 20. gxh5 g4 21.
Be2 Bh6 22. Nd4 g3 23. Kb1 gxf2 24. Ndf5 Nd5 25. Nxd5 Bxf5 26. Bg4 Be6 27. Bxe6+
fxe6 28. Nf6+ Ke7 29. Ne4 Be3 30. Rh3 Bb6 31. g4 d5 32. Nd2 Rag8 33. Rh4 Be3 34.
Nf3 Bf4 35. Nh2 Bg3 36. Rh3 Bxh2 37. Rxh2 Rxg4 38. Rxf2 Rxh5 39. b3 Rgh4 40.
Rdf1 Rh1 41. Rf7+ Ke8 42. Rf8+ Kd7 43. Rf7+ Kc8 44. Rxh1 Rxh1+ 45. Kb2 Re1 46.
d4 a5 47. a4 Re3 48. Re7 Kb8 49. Rh7 Ka7 50. Re7 Kb6 51. Rf7 c5 52. dxc5+ Kc6
53. Kc1 e5 54. Kd2 Rh3 55. Re7 e4 56. c3 Rh2+ 57. Kc1 Ra2 58. Kb1 Re2 59. Kc1 e3
60. Kd1 Rb2 61. Rxe3 Rxb3 62. Kc2 Ra3 63. Re8 Rxa4 64. Rc8+ Kb5 65. Rc7 Rh4 66.
Rxb7+ Kxc5 67. Ra7 a4 68. Ra5+ Kd6 69. Kd3 Ke5 70. Ra8 Rh3+ 71. Kc2 Rh2+ 72. Kb1 1/2-1/2

[Event "36th ECC Open 2021"]
[Site "Struga MKD"]
[Date "2021.09.24"]
[Round "7.7"]
[Board "2"]
[White "Cvitan, Ognjen"]
[Black "Sos Andreu, Eric"]
[Result "1/2-1/2"]
[WhiteTitle "GM"]
[BlackTitle "IM"]
[WhiteElo "2470"]
[BlackElo "2355"]
[WhiteTeam "Schachgesellschaft Riehen"]
[BlackTeam "Andreu Paterna"]
[WhiteFideId "14500086"]
[BlackFideId "22247017"]
[EventDate "2021.09.18"]
[EventType "team"]

1. d4 Nf6 2. c4 g6 3. Nc3 d5 4. cxd5 Nxd5 5. e4 Nxc3 6. bxc3 Bg7 7. Bc4 c5 8.
Ne2 Nc6 9. Be3 O-O 10. h4 Qa5 11. Kf1 h5 12. f3 Qa3 13. Kf2 Rd8 14. Rb1 cxd4 15.
cxd4 b6 16. Bd5 Bb7 17. Qc1 Qxc1 18. Rhxc1 Rac8 19. Bxc6 Bxc6 20. Rb3 Bd7 21.
Rbc3 Rxc3 22. Rxc3 Rc8 23. Rxc8+ Bxc8 24. Nc3 Ba6 25. Ke1 Bc4 26. Kd2 e6 27. Kc2
Bf8 28. Kb2 Bb4 29. a3 Bxc3+ 30. Kxc3 Bf1 31. g3 Bg2 32. e5 Bxf3 33. Bh6 Kh7 34.
Bg5 Kg7 35. Be7 Kg8 36. Kb4 Be2 37. Kc3 1/2-1/2

[Event "36th ECC Open 2021"]
[Site "Struga MKD"]
[Date "2021.09.24"]
[Round "7.11"]
[Board "1"]
[White "Kunin, Vitaly"]
[Black "Cornette, Matthieu"]
[Result "1/2-1/2"]
[WhiteTitle "GM"]
[BlackTitle "GM"]
[WhiteElo "2562"]
[BlackElo "2578"]
[WhiteTeam "Gambit Bonnevoie"]
[BlackTeam "ASNIERES Le Grand Echiquier"]
[WhiteFideId "4128737"]
[BlackFideId "620084"]
[EventDate "2021.09.18"]
[EventType "team"]

1. d4 Nf6 2. c4 e6 3. Nf3 d5 4. Nc3 a6 5. cxd5 exd5 6. Bg5 Be6 7. Bxf6 Qxf6 8.
Qb3 Ra7 9. g3 Bd6 10. h4 O-O 11. Bh3 Rd8 12. Kf1 Nc6 13. Rd1 Bxh3+ 14. Rxh3 Qf5
15. Kg2 Ne7 16. h5 h6 17. Rh4 Raa8 18. Re1 b5 19. e4 dxe4 20. Rhxe4 b4 21. g4
Qd7 22. Nd5 Nxd5 23. Qxd5 Qb5 24. Qf5 Qxf5 25. gxf5 Rab8 26. b3 f6 27. Kh3 Rb5
28. Kg4 Rd5 29. Rc1 Kf7 30. Nd2 Re8 31. Rc4 Ra5 32. Rc2 Rd5 33. Rc4 Rb5 34. Rc2 1/2-1/2

[Event "36th ECC Open 2021"]
[Site "Struga MKD"]
[Date "2021.09.24"]
[Round "7.11"]
[Board "2"]
[White "Delchev, Aleksander"]
[Black "Godart, Francois"]
[Result "1-0"]
[WhiteTitle "GM"]
[BlackTitle "IM"]
[WhiteElo "2500"]
[BlackElo "2407"]
[WhiteTeam "ASNIERES Le Grand Echiquier"]
[BlackTeam "Gambit Bonnevoie"]
[WhiteFideId "2900394"]
[BlackFideId "208078"]
[EventDate "2021.09.18"]
[EventType "team"]

1. d4 d5 2. c4 e6 3. Nf3 c6 4. e3 Nf6 5. Bd3 dxc4 6. Bxc4 Bd6 7. Nc3 b5 8. Bb3
b4 9. Na4 Ba6 10. Qc2 Nfd7 11. Bc4 Bxc4 12. Qxc4 O-O 13. O-O Qa5 14. Qc2 Nb6 15.
Nc5 Bxc5 16. dxc5 N6d7 17. Bd2 Qxc5 18. Qxc5 Nxc5 19. Bxb4 Nba6 20. Ba3 Rfc8 21.
Rfd1 Na4 22. Rac1 c5 23. b3 Nb6 24. Ne5 Rc7 25. Rd6 Rac8 26. Kf1 f6 27. Nc4 Rc6
28. Rxc6 Rxc6 29. Ke2 Nd5 30. e4 Ndb4 31. Na5 Rd6 32. Bxb4 Nxb4 33. Rxc5 Nxa2
34. Nc6 a6 35. e5 fxe5 36. Nxe5 h6 37. h4 Nb4 38. h5 g5 39. Rc8+ Kg7 40. Rc7+
Kf6 41. Ng4+ 1-0

[Event "36th ECC Open 2021"]
[Site "Struga MKD"]
[Date "2021.09.24"]
[Round "7.11"]
[Board "3"]
[White "Dishman, Stephen"]
[Black "Vaisser, Anatoly"]
[Result "1-0"]
[BlackTitle "GM"]
[WhiteElo "2316"]
[BlackElo "2494"]
[WhiteTeam "Gambit Bonnevoie"]
[BlackTeam "ASNIERES Le Grand Echiquier"]
[WhiteFideId "403024"]
[BlackFideId "603252"]
[EventDate "2021.09.18"]
[EventType "team"]

1. Nf3 Nf6 2. c4 g6 3. b3 Bg7 4. Bb2 O-O 5. g3 d6 6. d4 c5 7. Bg2 Ne4 8. O-O Nc6
9. h3 f5 10. e3 e5 11. d5 Nb8 12. Nbd2 Nxd2 13. Nxd2 Qe7 14. Qc2 g5 15. f4 Nd7
16. Rae1 e4 17. Kh2 gxf4 18. exf4 Bxb2 19. Qxb2 Nf6 20. g4 Qg7 21. Qa1 fxg4 22.
Nxe4 Nxe4 23. Qxg7+ Kxg7 24. Rxe4 Bf5 25. Re7+ Rf7 26. Rfe1 Kf6 27. Rxf7+ Kxf7
28. hxg4 Bxg4 29. Bh3 Rg8 30. Bxg4 Rxg4 31. Re6 Rxf4 32. Rxd6 Ke7 33. Rh6 Rf7
34. Kg3 Kd7 35. Kg4 Kc8 36. Rh2 Kc7 37. Kg5 Kb6 38. Rd2 a6 39. Rd3 Kc7 40. a4
Kb6 41. Rd2 Kc7 42. Rd3 Kb6 43. Kg4 Ka5 44. d6 Rd7 45. Kf5 Kb6 46. Ke6 Kc6 47.
Rd5 b6 48. a5 h5 49. axb6 h4 50. b7 Rd8 51. d7 h3 52. b8=Q 1-0

[Event "36th ECC Open 2021"]
[Site "Struga MKD"]
[Date "2021.09.24"]
[Round "7.11"]
[Board "4"]
[White "Olivier, Pierre"]
[Black "Filipovic, Slobodan J"]
[Result "1/2-1/2"]
[WhiteElo "2215"]
[BlackElo "2214"]
[WhiteTeam "ASNIERES Le Grand Echiquier"]
[BlackTeam "Gambit Bonnevoie"]
[WhiteFideId "601829"]
[BlackFideId "939633"]
[EventDate "2021.09.18"]
[EventType "team"]

1. Nf3 Nc6 2. e4 e5 3. d4 exd4 4. Nxd4 Nf6 5. Nc3 Bb4 6. Nxc6 bxc6 7. Bd3 d5 8.
exd5 cxd5 9. O-O O-O 10. Bg5 c6 11. Qf3 h6 12. Bxf6 Qxf6 13. Qxf6 gxf6 14. Ne2
Rb8 15. Ng3 Re8 16. c3 Bd6 17. b3 Be6 18. Nf5 Bxf5 19. Bxf5 Re5 20. Bd3 Ba3 21.
Rab1 a5 22. Rfd1 Kf8 23. g3 Ke8 24. Bf1 Bc5 25. Bd3 Kd7 26. Kg2 Kd6 27. Kf1 Rh5
28. Kg2 Re5 29. Kf1 Rh5 30. Kg2 Re5 31. Kf1 Rh5 1/2-1/2

[Event "36th ECC Open 2021"]
[Site "Struga MKD"]
[Date "2021.09.24"]
[Round "7.11"]
[Board "5"]
[White "Schwerteck, Michael"]
[Black "Kirszenberg, Marc"]
[Result "1-0"]
[BlackTitle "CM"]
[WhiteElo "2113"]
[BlackElo "2139"]
[WhiteTeam "Gambit Bonnevoie"]
[BlackTeam "ASNIERES Le Grand Echiquier"]
[WhiteFideId "4687078"]
[BlackFideId "601594"]
[EventDate "2021.09.18"]
[EventType "team"]

1. e4 c6 2. d4 d5 3. exd5 cxd5 4. Nf3 Nf6 5. Ne5 g6 6. Bb5+ Nbd7 7. O-O Bg7 8.
c3 O-O 9. Nf3 Ne4 10. Re1 Ndf6 11. h3 Bf5 12. Bf1 Qc7 13. Nbd2 Rad8 14. Nxe4
dxe4 15. Ne5 Nd5 16. Qb3 h6 17. Bc4 Be6 18. a4 a6 19. a5 Bxe5 20. dxe5 Qxe5 21.
Bxh6 Rfe8 22. Be3 f5 23. Bd4 Qb8 24. Bb6 Rd7 25. Rad1 Qe5 26. f4 Qd6 27. Bxd5
Bxd5 28. c4 e6 29. cxd5 exd5 30. Be3 Red8 31. Rd2 Qe6 32. Red1 Kf7 33. Bb6 1-0

[Event "36th ECC Open 2021"]
[Site "Struga MKD"]
[Date "2021.09.24"]
[Round "7.11"]
[Board "6"]
[White "Moingt, Jean-Claude"]
[Black "Dishman, Matthew"]
[Result "1-0"]
[WhiteTitle "FM"]
[WhiteElo "2125"]
[BlackElo "1949"]
[WhiteTeam "ASNIERES Le Grand Echiquier"]
[BlackTeam "Gambit Bonnevoie"]
[WhiteFideId "601608"]
[BlackFideId "438642"]
[EventDate "2021.09.18"]
[EventType "team"]

1. e4 c5 2. Nf3 e6 3. d3 Nc6 4. g3 Nge7 5. Bg2 g6 6. O-O Bg7 7. Re1 d6 8. c3 e5
9. Na3 O-O 10. Be3 h6 11. Qd2 Kh7 12. d4 b6 13. dxe5 dxe5 14. Qc2 Be6 15. Rad1
Qc7 16. Nb5 Qb7 17. Nh4 Rad8 18. f4 a6 19. Nd6 Qc7 20. Ndf5 gxf5 21. exf5 Bb3
22. axb3 Bf6 23. Rxd8 Rxd8 24. fxe5 Nxe5 25. Bf4 Re8 26. Bxe5 Bxe5 27. f6+ Ng6
28. Be4 Rg8 29. Bxg6+ fxg6 30. f7 Qxf7 31. Rxe5 Rf8 32. Qe2 Qxb3 33. Re7+ Rf7
34. Rxf7+ Qxf7 35. Qxa6 Qd7 36. Qe2 b5 37. Qe4 Qd1+ 38. Kg2 Qd2+ 39. Kh3 Qd7+
40. g4 Qf7 41. Kg3 Qc7+ 42. Kf3 Qf7+ 43. Ke3 c4 44. Nxg6 Qa7+ 45. Ke2 Qg1 46.
Ne5+ 1-0

[Event "36th ECC Open 2021"]
[Site "Struga MKD"]
[Date "2021.09.24"]
[Round "7.12"]
[Board "2"]
[White "Kjartansson, David"]
[Black "Willson, Ollie"]
[Result "1/2-1/2"]
[WhiteTitle "IM"]
[WhiteElo "2326"]
[BlackElo "2082"]
[WhiteTeam "Viking  Chess Club"]
[BlackTeam "Sussex Martlets"]
[WhiteFideId "2301130"]
[BlackFideId "424714"]
[EventDate "2021.09.18"]
[EventType "team"]

1. d4 Nf6 2. c4 e6 3. Nf3 Bb4+ 4. Bd2 a5 5. e3 d5 6. a3 Be7 7. Nc3 O-O 8. Bd3 b6
9. O-O Bb7 10. cxd5 exd5 11. Ne5 c5 12. Qf3 Nc6 13. Rad1 Qd6 14. Qg3 cxd4 15.
exd4 Nxd4 16. Rfe1 Rae8 17. Qe3 Ne6 18. Qg3 d4 19. Nb5 Qd8 20. Bf5 Bd5 21. Bxe6
Bxe6 22. Bh6 Nh5 23. Qf3 Qd5 24. Qxd5 Bxd5 25. Rxd4 Be6 26. Bd2 Bc5 27. Rh4 Nf6
28. b4 axb4 29. axb4 Be7 30. Nc6 Nd5 31. Rhe4 Bf6 32. Nd6 Ra8 33. g4 Ra2 34.
R1e2 Nc3 35. Bxc3 Rxe2 36. Rxe2 Bxc3 37. h3 Ra8 38. Rc2 Bf6 39. f4 Ra1+ 40. Kf2
Rh1 41. Kg3 Rd1 42. Ne4 Rd3+ 43. Kh2 Bh4 44. f5 Bb3 45. Re2 h6 46. Ne5 Rd5 47.
Nc3 Rd8 48. Nf3 Bf6 49. Ne4 Be7 50. Ne5 Bd5 51. Nc3 Bxb4 52. Nxd5 Rxd5 53. Nc4
b5 54. Re8+ Kh7 55. Nb6 Rd3 56. Kg2 Bc5 57. Rb8 Rd6 58. Na8 b4 59. Rb5 Rd2+ 60.
Kf3 Bd6 61. Nb6 Rd3+ 62. Ke4 Rxh3 63. Nc4 Be7 64. Rb7 Rc3 65. Ne5 Bf6 66. Nxf7
b3 67. Nd6 Rg3 68. Kf4 Rd3 69. Ne4 Kg8 70. Nxf6+ gxf6 71. Ke4 Rg3 72. Kd5 Re3
73. Kd4 Rg3 74. Kd5 Re3 75. Kd4 1/2-1/2

[Event "36th ECC Open 2021"]
[Site "Struga MKD"]
[Date "2021.09.24"]
[Round "7.12"]
[Board "3"]
[White "Payne, Matthew J"]
[Black "Thorhallsson, Simon"]
[Result "0-1"]
[WhiteElo "2150"]
[BlackElo "2237"]
[WhiteTeam "Sussex Martlets"]
[BlackTeam "Viking  Chess Club"]
[WhiteFideId "417084"]
[BlackFideId "2310090"]
[EventDate "2021.09.18"]
[EventType "team"]

1. e4 c5 2. Nc3 d6 3. f4 g6 4. Nf3 Bg7 5. Bb5+ Bd7 6. Bc4 Nc6 7. d3 e6 8. O-O
Nge7 9. Qe1 O-O 10. f5 gxf5 11. Qg3 fxe4 12. dxe4 Ne5 13. Nxe5 dxe5 14. h4 Kh8
15. Bg5 f6 16. Be3 b6 17. Rad1 Qe8 18. Qh3 Nd5 19. exd5 exd5 20. Qf3 dxc4 21.
Rd6 Qe7 22. Rfd1 Be6 23. Qc6 Bg4 24. R1d2 Rae8 25. Nd5 Qf7 26. Rf2 Rc8 27. Qa4
Be6 28. Nc3 Rfd8 29. Ne4 Qe7 30. Rfd2 Rxd6 31. Nxd6 Rd8 32. Nxc4 Rxd2 33. Bxd2
Qd8 34. Be3 Qd1+ 35. Kf2 Qg4 36. Qe8+ Bg8 37. Nd6 Qxh4+ 38. Kf1 h5 39. Qc8 Qg4
40. Nf5 Kh7 41. Qd7 Bc4+ 42. Kg1 Bd5 43. Qxd5 Qxf5 44. Qf7 Qg4 45. Qxa7 h4 46.
Qa6 c4 47. Qa8 e4 48. Qd5 h3 49. Qd2 f5 50. Kh1 b5 51. b3 c3 52. Qf2 Be5 53.
gxh3 Qxh3+ 54. Kg1 Qg4+ 55. Qg2 Qd1+ 56. Qf1 Qxf1+ 57. Kxf1 Bd6 58. a4 bxa4 59.
bxa4 Bc7 60. Bd4 Ba5 61. Be5 Kg6 62. Kg2 Kf7 63. Kg3 Ke6 64. Kf4 Bb4 65. Bh8
Bd6+ 66. Ke3 Be5 0-1

[Event "36th ECC Open 2021"]
[Site "Struga MKD"]
[Date "2021.09.24"]
[Round "7.12"]
[Board "4"]
[White "Bjornsson, Tomas"]
[Black "Grant, David J"]
[Result "0-1"]
[WhiteTitle "FM"]
[WhiteElo "2175"]
[BlackElo "2074"]
[WhiteTeam "Viking  Chess Club"]
[BlackTeam "Sussex Martlets"]
[WhiteFideId "2300303"]
[BlackFideId "403717"]
[EventDate "2021.09.18"]
[EventType "team"]

1. d4 Nf6 2. c4 g6 3. Nf3 Bg7 4. g3 O-O 5. Bg2 d6 6. O-O Nc6 7. Nc3 a6 8. b3 Rb8
9. Bb2 b5 10. cxb5 axb5 11. e3 b4 12. Ne2 Na7 13. a4 bxa3 14. Rxa3 Nb5 15. Ra1
Nd5 16. Nd2 Nb4 17. Nc4 d5 18. Ra4 Nxd4 19. Bxd4 Bxd4 20. Nxd4 dxc4 21. bxc4 c5
22. Nc6 Nxc6 23. Bxc6 Qc7 24. Bg2 Rd8 25. Qc2 Bd7 26. Raa1 Bf5 27. Be4 Be6 28.
Rfb1 Qa5 29. Rxb8 Rxb8 30. Rc1 Qa3 31. Rd1 Rb4 32. Bd5 Bf5 33. Qc1 Qb3 34. Qa1
Ra4 35. Qc1 e6 36. Bc6 Rxc4 37. Qa1 Qc3 38. Rd8+ Kg7 39. Qa8 Bh3 40. Rg8+ Kh6
41. Qf8+ Kh5 42. Bf3+ Rg4 43. Bxg4+ Kxg4 44. f3+ Kxf3 45. Qxf7+ Bf5 46. Qb7+
Kxe3 47. Qg2 Qe1+ 48. Qf1 Qxf1+ 49. Kxf1 Kd2 50. Ra8 c4 51. Ra2+ Bc2 52. Kf2 e5
53. Ra7 e4 54. Re7 Bd3 55. Rxh7 e3+ 56. Kf3 e2 57. Re7 c3 0-1

[Event "36th ECC Open 2021"]
[Site "Struga MKD"]
[Date "2021.09.24"]
[Round "7.12"]
[Board "5"]
[White "Blake, J Morgan"]
[Black "Petursson, Gudni"]
[Result "0-1"]
[WhiteElo "2006"]
[BlackElo "2016"]
[WhiteTeam "Sussex Martlets"]
[BlackTeam "Viking  Chess Club"]
[WhiteFideId "423394"]
[BlackFideId "2301725"]
[EventDate "2021.09.18"]
[EventType "team"]

1. d4 Nf6 2. Nf3 g6 3. Nbd2 d5 4. e3 Bg7 5. c4 c6 6. b4 O-O 7. a4 Bg4 8. Qb3
Bxf3 9. Nxf3 e6 10. Be2 Nbd7 11. O-O Re8 12. Bb2 Ne4 13. Rfd1 h6 14. b5 Ndf6 15.
Ne5 cxb5 16. c5 bxa4 17. Qxb7 Re7 18. Qa6 Qc7 19. f3 Rb8 20. Rab1 Nxc5 21. dxc5
Rxb2 22. Rxb2 Qxe5 23. Rc2 Qxe3+ 24. Kh1 Qb3 25. Qd3 Ne8 26. c6 Rc7 27. Rc5 Nd6
28. Qd2 a3 29. Qa5 Ne8 30. Rb5 Qc3 31. Rc5 Qxa5 32. Rxa5 Bb2 33. Bb5 Nd6 34. Ba4
a2 35. Bb3 a1=Q 36. Rdxa1 Bxa1 37. Rxa1 Rxc6 0-1

[Event "36th ECC Open 2021"]
[Site "Struga MKD"]
[Date "2021.09.24"]
[Round "7.12"]
[Board "6"]
[White "Ingason, Sigurdur"]
[Black "Walker, Samuel A"]
[Result "0-1"]
[WhiteElo "1805"]
[BlackElo "2048"]
[WhiteTeam "Viking  Chess Club"]
[BlackTeam "Sussex Martlets"]
[WhiteFideId "2301709"]
[BlackFideId "412813"]
[EventDate "2021.09.18"]
[EventType "team"]

1. d4 Nf6 2. c4 g6 3. Nc3 d5 4. cxd5 Nxd5 5. e4 Nxc3 6. bxc3 Bg7 7. Bg5 c5 8.
Rc1 Qa5 9. Qd2 cxd4 10. cxd4 Qxd2+ 11. Kxd2 O-O 12. Nf3 Bg4 13. Ke3 Bxf3 14.
gxf3 f6 15. Bf4 e5 16. dxe5 fxe5 17. Bc4+ Kh8 18. Bg5 Nc6 19. Rb1 Nd4 20. Be2
Rf7 21. f4 exf4+ 0-1

[Event "36th ECC Open 2021"]
[Site "Struga MKD"]
[Date "2021.09.24"]
[Round "7.13"]
[Board "1"]
[White "Makolli, Perparim"]
[Black "Uruci, Endrit"]
[Result "0-1"]
[WhiteTitle "FM"]
[WhiteElo "2249"]
[BlackElo "2279"]
[WhiteTeam "Drejtesia"]
[BlackTeam "Dardania"]
[WhiteFideId "908630"]
[BlackFideId "22100199"]
[EventDate "2021.09.18"]
[EventType "team"]

1. e4 c5 2. c3 Nf6 3. e5 Nd5 4. d4 cxd4 5. cxd4 d6 6. Nf3 e6 7. Nc3 dxe5 8. Nxe5
Bb4 9. Bd2 O-O 10. Qg4 f6 11. Nc4 Nc6 12. Qh4 f5 13. Qxd8 Rxd8 14. Nxd5 Rxd5 15.
O-O-O Rxd4 16. Be3 Rxd1+ 17. Kxd1 e5 18. a3 Be7 19. g3 Be6 20. Nd2 Rd8 21. Kc1
Kf7 22. Bc4 g5 23. Bxe6+ Kxe6 24. f3 h5 25. h3 a6 26. Kc2 Rd5 27. Re1 Bc5 28.
Bxc5 Rxc5+ 29. Kd3 Rd5+ 30. Ke3 Nd4 31. Rc1 f4+ 32. gxf4 Nf5+ 33. Ke2 Ng3+ 34.
Ke1 gxf4 35. Rc7 Rd7 36. Rxd7 Kxd7 37. Nc4 Ke6 38. Na5 b6 39. Nc4 b5 40. Nd2 Kd5 0-1

[Event "36th ECC Open 2021"]
[Site "Struga MKD"]
[Date "2021.09.24"]
[Round "7.13"]
[Board "2"]
[White "Saraci, Korab"]
[Black "Bajraktari, Perparim"]
[Result "1/2-1/2"]
[WhiteElo "2154"]
[BlackElo "2196"]
[WhiteTeam "Dardania"]
[BlackTeam "Drejtesia"]
[WhiteFideId "4701968"]
[BlackFideId "1307711"]
[EventDate "2021.09.18"]
[EventType "team"]

1. e4 g6 2. d4 Bg7 3. Nf3 d6 4. Bc4 Nf6 5. Nc3 O-O 6. O-O a6 7. Re1 b5 8. Bb3 c5
9. dxc5 dxc5 10. Qxd8 Rxd8 11. Bd5 Nxd5 12. Nxd5 Nc6 13. c3 Bg4 14. Bg5 Kf8 15.
Bf4 Bxf3 16. gxf3 e6 17. Ne3 Ne5 18. Bxe5 Bxe5 19. Rad1 Ke7 20. h3 Rxd1 21. Rxd1
Rd8 22. Rxd8 Kxd8 23. Kf1 g5 24. Ke2 Ke7 25. Kd2 Bf4 26. Ke2 Be5 27. Kd3 Kd7 28.
Ke2 c4 29. a4 1/2-1/2

[Event "36th ECC Open 2021"]
[Site "Struga MKD"]
[Date "2021.09.24"]
[Round "7.13"]
[Board "4"]
[White "Jashari, Ardian"]
[Black "Zymberi, Astrit"]
[Result "1/2-1/2"]
[WhiteTitle "FM"]
[WhiteElo "2109"]
[BlackElo "2107"]
[WhiteTeam "Dardania"]
[BlackTeam "Drejtesia"]
[WhiteFideId "955388"]
[BlackFideId "4700295"]
[EventDate "2021.09.18"]
[EventType "team"]

1. e4 c5 2. Nf3 e6 3. d4 cxd4 4. Nxd4 Nc6 5. Nc3 Qc7 6. Ndb5 Qb8 7. f4 a6 8. Nd4
Qc7 9. Nxc6 Qxc6 10. Qf3 b5 11. Bd3 Bb7 12. O-O d6 13. Be3 Nf6 14. a3 Be7 15. g4
d5 16. exd5 Nxd5 17. Nxd5 Qxd5 18. Qxd5 Bxd5 19. Bd4 O-O 20. Rad1 Rfc8 21. f5
Bc5 22. Bxc5 Rxc5 23. c3 h6 24. fxe6 Bxe6 25. Bf5 Bxf5 26. Rxf5 Rxf5 27. gxf5 a5
28. Rd5 Rb8 29. Kf2 Kf8 30. Re5 b4 31. axb4 axb4 32. c4 g6 33. fxg6 fxg6 34. Ke3
Kf7 35. c5 Kf6 36. Kd4 1/2-1/2

[Event "36th ECC Open 2021"]
[Site "Struga MKD"]
[Date "2021.09.24"]
[Round "7.13"]
[Board "5"]
[White "Bahtiri, Sabri"]
[Black "Asllani, Ibrahim"]
[Result "1-0"]
[WhiteElo "2010"]
[BlackElo "2038"]
[WhiteTeam "Drejtesia"]
[BlackTeam "Dardania"]
[WhiteFideId "3600114"]
[BlackFideId "4701674"]
[EventDate "2021.09.18"]
[EventType "team"]

1. e4 c5 2. Nf3 a6 3. c4 d6 4. d4 cxd4 5. Nxd4 e5 6. Nb3 Be6 7. Nc3 Nd7 8. Bd3
Rc8 9. Qe2 Ngf6 10. Be3 Ng4 11. Bd2 Be7 12. h3 Ngf6 13. O-O O-O 14. Rac1 Qc7 15.
Be3 Rfd8 16. Nd2 Bf8 17. b4 Qb8 18. a4 Rc7 19. Nd5 Bxd5 20. exd5 Rdc8 21. Rb1 h6
22. Qf3 Re8 23. Rfc1 Nh7 24. Ne4 g6 25. g4 Qd8 26. c5 dxc5 27. d6 Rc8 28. bxc5
Rb8 29. Bc4 Ndf6 30. Rxb7 Rxb7 31. Nxf6+ Nxf6 32. Qxb7 Nd7 33. c6 Nf6 34. Qxf7+
Kh8 35. c7 1-0

[Event "36th ECC Open 2021"]
[Site "Struga MKD"]
[Date "2021.09.24"]
[Round "7.13"]
[Board "6"]
[White "Krasniqi, Avni"]
[Black "Sherifi, Shemsedin"]
[Result "1/2-1/2"]
[WhiteElo "1864"]
[BlackElo "1965"]
[WhiteTeam "Dardania"]
[BlackTeam "Drejtesia"]
[WhiteFideId "22100440"]
[BlackFideId "22100628"]
[EventDate "2021.09.18"]
[EventType "team"]

1. e4 c5 2. Nf3 d6 3. d3 e6 4. g3 Be7 5. Bg2 Nc6 6. d4 cxd4 7. Nxd4 Bd7 8. Nxc6
Bxc6 9. Nc3 Qc7 10. O-O Nf6 11. Bg5 O-O 12. Bxf6 Bxf6 13. Qd2 Rac8 14. Rfd1 Rfd8
15. f3 h6 16. Bf1 a6 17. Rab1 Qb6+ 18. Kg2 Qc5 19. Ne2 Bb5 20. c3 Qc7 21. Nd4
Bxf1+ 22. Rxf1 Bxd4 23. cxd4 Qb6 24. Rfc1 Qb5 25. Rxc8 Rxc8 26. Kf2 Qb6 27. Rd1
Rc4 28. b3 Rc8 29. Kg2 Kf8 30. d5 e5 31. Rc1 Rc5 32. Rc2 Qc7 33. Rxc5 Qxc5 34.
Qf2 Qc7 35. Qd2 Qc5 36. Qf2 Qc7 37. Qd2 1/2-1/2

[Event "36th ECC Open 2021"]
[Site "Struga MKD"]
[Date "2021.09.24"]
[Round "7.14"]
[Board "1"]
[White "Jepson, Christian"]
[Black "Atlas, Valery"]
[Result "1/2-1/2"]
[WhiteTitle "IM"]
[BlackTitle "IM"]
[WhiteElo "2407"]
[BlackElo "2426"]
[WhiteTeam "Nordkalotten"]
[BlackTeam "Perfect"]
[WhiteFideId "1701185"]
[BlackFideId "12000035"]
[EventDate "2021.09.18"]
[EventType "team"]

1. e4 c5 2. c3 d6 3. d4 Nd7 4. Nf3 g6 5. Bc4 Bg7 6. O-O e6 7. Bf4 e5 8. Bg3 Qe7
9. dxe5 dxe5 10. Nbd2 Ngf6 11. a4 O-O 12. a5 Nh5 13. Re1 Nxg3 14. hxg3 Nf6 15.
Nf1 Bd7 16. Ne3 Rad8 17. Nd5 Nxd5 18. Bxd5 Bc8 19. Qe2 h6 20. Qe3 a6 21. Nd2 Rd7
22. Nc4 Rc7 23. Nb6 Kh7 24. Na8 Rd7 25. Nb6 Rc7 26. Bb3 Qg5 27. Qxg5 hxg5 28.
Red1 f5 29. Nxc8 Rfxc8 30. Be6 Rf8 31. Rd6 Rf6 32. Rad1 fxe4 33. Rb6 e3 34. fxe3
g4 35. Rd7 Rxd7 36. Bxd7 Rxb6 37. axb6 Bf6 38. Bxg4 Bd8 39. Bc8 Bxb6 40. Bxb7 a5
41. Kf2 Kg7 42. Ke2 Kf6 43. e4 Ke6 44. Kd3 Kd6 45. Bd5 g5 46. Kc4 Bd8 47. Kb5
Bc7 48. Bc4 Bd8 49. Be2 Bc7 50. Ka6 Bd8 51. Kb7 Bc7 52. Bb5 Bd8 53. Bc4 Bc7 1/2-1/2

[Event "36th ECC Open 2021"]
[Site "Struga MKD"]
[Date "2021.09.24"]
[Round "7.14"]
[Board "2"]
[White "Korsunsky, Yuri"]
[Black "Kristensen, Kaare Hove"]
[Result "1/2-1/2"]
[WhiteTitle "IM"]
[BlackTitle "IM"]
[WhiteElo "2395"]
[BlackElo "2336"]
[WhiteTeam "Perfect"]
[BlackTeam "Nordkalotten"]
[WhiteFideId "14102722"]
[BlackFideId "1400940"]
[EventDate "2021.09.18"]
[EventType "team"]

1. e4 c5 2. c3 d5 3. exd5 Qxd5 4. d4 Nc6 5. Nf3 cxd4 6. cxd4 e5 7. Nc3 Bb4 8.
Be3 e4 9. Ne5 Nxe5 10. dxe5 Bxc3+ 11. bxc3 Ne7 12. Qxd5 Nxd5 13. Bd4 O-O 14. g3
Bf5 15. O-O-O Rfc8 16. Kb2 Nb6 17. Bxb6 axb6 18. Rd6 Be6 19. a3 Rc5 20. Be2 Rxe5
21. Rxb6 Rf5 22. Rf1 Rc5 23. Re1 Rf5 24. Rf1 Rfa5 25. Ra1 1/2-1/2

[Event "36th ECC Open 2021"]
[Site "Struga MKD"]
[Date "2021.09.24"]
[Round "7.14"]
[Board "3"]
[White "Sylvan, Jacob"]
[Black "Gluhovsky, Mark"]
[Result "0-1"]
[WhiteTitle "IM"]
[WhiteElo "2307"]
[BlackElo "2275"]
[WhiteTeam "Nordkalotten"]
[BlackTeam "Perfect"]
[WhiteFideId "1402137"]
[BlackFideId "24165514"]
[EventDate "2021.09.18"]
[EventType "team"]

1. c4 Nf6 2. Nc3 g6 3. e4 d6 4. d4 Bg7 5. Nf3 O-O 6. Be2 e5 7. O-O Nbd7 8. Be3
Ng4 9. Bg5 f6 10. Bd2 Kh8 11. Qc2 exd4 12. Nxd4 Nc5 13. Bxg4 Bxg4 14. f3 Bd7 15.
Be3 f5 16. exf5 Qh4 17. g3 Qh5 18. Nd5 Rae8 19. g4 Qh4 20. Bf2 Qh3 21. f6 Bxf6
22. Nxf6 Rxf6 23. Rae1 Ref8 24. Re7 Bxg4 25. fxg4 Nd3 26. Re3 Qxe3 27. Bxe3
Rxf1+ 28. Kg2 0-1